| 000 | 00680nam a22001937a 4500 | ||
|---|---|---|---|
| 005 | 20180706105026.0 | ||
| 010 | _aENG-123499 | ||
| 020 |
_c95.00 _a9788170589914 |
||
| 035 | _aEN-107031 | ||
| 037 | _bDBAD/PUB | ||
| 082 | _a954.0840922 | ||
| 100 | _aGhose, Barindra Kumar | ||
| 245 | 0 | 0 |
_aThe tale of my exile : _btwelve years in the andamans / _cby Barindra Kumar Ghose; ed. by Sachidananda Mohanty |
| 260 |
_aPondicherry _bSri Aurobindo Ashram _c2011 |
||
| 270 |
_aSri Aurobindo Ashram publication department, _bPondicherry _e605002 |
||
| 300 |
_alxviii,143p. _c18cm.(pbk) _bill |
||
| 700 | _aMohanty, Sachidananda | ||
| 942 |
_2ddc _cEN _mGHO _h954.0840922 |
||
| 999 |
_c153445 _d153445 |
||